| 000 | 01066nam a2200277ua 4500 | ||
|---|---|---|---|
| 003 | CO-ViMGA | ||
| 005 | 20230915225028.0 | ||
| 008 | 120210s2012 ck gr 00010 spa d | ||
| 020 | _a9789583039003 | ||
| 040 |
_aCO-ViMGA _bspa _cCO-ViMGA |
||
| 082 | 0 | 4 |
_aI891.823 _bM17p |
| 100 | 1 |
_aMarinkovic, Simeon, _d1941. _91017 |
|
| 245 | 0 | 0 |
_aEl mundo de Gabriela : _bprotege la naturaleza / _cSimeon Marinkovic; ilustrador Dusan Pavlic ; traductor Julio Caycedo. |
| 250 | _aEditora Marcela Carrasquilla. | ||
| 260 |
_aBogotá : _bPanamericana Editorial, _c2012. |
||
| 300 |
_a28 p. : _bil. ; _c15 x 15 cm. |
||
| 534 |
_pTítulo original : _tWhat Anna knows : protecting nature. |
||
| 650 | 1 | 4 |
_aCuentos infantiles serbios. _91018 |
| 650 | 1 | 4 |
_aNaturaleza _v Cuentos infantiles. _91073 |
| 650 | 1 | 4 |
_aConservación de la naturaleza _v Cuentos infantiles. _91074 |
| 650 | 1 | 4 |
_aLibros ilustrados para niños. _987 |
| 700 | 1 |
_aCarrasquilla, Marcela, _eed. _91077 |
|
| 700 | 1 |
_aCaycedo, Julio, _etr. _91076 |
|
| 700 | 1 |
_aPavlic, Dusan, _eil. _91075 |
|
| 942 |
_2ddc _cBK |
||
| 999 |
_c12188 _d12188 |
||